书目信息 |
| 题名: |
南明史
|
|
| 作者: | 司徒琳 , Struve 著 ;李荣庆 , 严寿澂 译 | |
| 分册: | ||
| 出版信息: | 上海 上海书店出版社 2007 |
|
| 页数: | 15,364页 | |
| 开本: | 23cm | |
| 丛书名: | ||
| 单 册: | ||
| 中图分类: | K248.4 | |
| 科图分类: | ||
| 主题词: | 古代史--中国--南明--1644~1662 | |
| 电子资源: | ||
| ISBN: | 7-80678-445-4 | |
| 000 | 01140nam0 2200289 450 | |
| 001 | 012007279219 | |
| 005 | 20070531171615.04 | |
| 010 | @a7-80678-445-4@dCNY35.00 | |
| 100 | @a20070423d2007 km y0chiy0120 ea | |
| 101 | 1 | @achi@ceng |
| 102 | @aCN@b110000 | |
| 105 | @ab z 000yy | |
| 106 | @ar | |
| 200 | 1 | @a南明史@Anan ming shi@e1644-1662@f(美)司徒琳著@F(mei)si tu lin zhu@g李荣庆等译@Gli rong qing deng yi@g严寿澂校订@Gyan shou cheng jiao ding |
| 210 | @a上海@c上海书店出版社@d2007 | |
| 215 | @a15,364页@a地图@d23cm | |
| 304 | @a本书译者还有:郭孟良,卞师军,魏林 | |
| 330 | @a这是一本真正的论从史出的南明史著作,无论是在国外汉学界、还是国内学术界,在对南明那十八年的论述与梳理上,本书至今仍常读常新,并给人以很大的启发。再加上文风才气盎然、饶有趣味,实为一本耐读、好读的历史作品。 | |
| 510 | 1 | @aSouthern Ming@e1644-1662@zeng |
| 606 | 0 | @a古代史@y中国@z南明@z1644~1662 |
| 690 | @aK248.4@v4 | |
| 701 | 1 | @c(美)@a司徒琳@Asi tu lin@bL.A.@4著 |
| 701 | 1 | @c(美)@aStruve@bLynn A.@4著 |
| 702 | 0 | @a李荣庆@Ali rong qing@4译 |
| 702 | 0 | @a严寿澂@Ayan shou cheng@4校订 |
| 801 | 0 | @aCN@bRULIN@c20070531 |
| 905 | @dK248.4@e75@s5 | |
| 南明史:1644-1662/(美)司徒琳著/李荣庆等译/严寿澂校订.-上海:上海书店出版社,2007 |
| 15,364页;地图;23cm |
| ISBN 7-80678-445-4:CNY35.00 |
| 这是一本真正的论从史出的南明史著作,无论是在国外汉学界、还是国内学术界,在对南明那十八年的论述与梳理上,本书至今仍常读常新,并给人以很大的启发。再加上文风才气盎然、饶有趣味,实为一本耐读、好读的历史作品。 |
| ● |
| 相关链接 |
|
|
|
|
正题名:南明史
索取号:K248.4/75
 
预约/预借
| 序号 | 登录号 | 条形码 | 馆藏地/架位号 | 状态 | 备注 |
| 1 | 0570569 | 205705691 | 第二样本阅览室/ [索取号:K248.4/75] | 在馆 | |
| 2 | 0570570 | 205705708 | 第二借阅区/ [索取号:K248.4/75] | 在馆 | |
| 3 | 0570571 | 205705717 | 第二借阅区/ [索取号:K248.4/75] | 在馆 | |
| 4 | 0570572 | 205705726 | 第二借阅区/ [索取号:K248.4/75] | 在馆 | |
| 5 | 0570573 | 205705735 | 第二借阅区/ [索取号:K248.4/75] | 在馆 |